000 00365 a2200157 4500
001 166698
020 _a
040 _cMagnum
100 _aGanem, Roberto
240 1 0 _aSenk ra: perigosa busca na terra dos incas
_lpor
245 1 0 _aSenk ra: perigosa busca na terra dos incas
362 0 _a1899
440 1 _aMelhoramentos
697 _aJ/GERAL
942 _cBK
999 _c166698
_d166698